000 01458nam a2200349Ia 4500
005 20220317001448.0
008 161108s2008 s a g 000 0 s
020 _a9788484325642
082 0 4 _a578
_bG68s
100 1 _aGould, Stephen Jay
_d1941-2002
245 1 3 _aLa sonrisa del flamenco
_breflexiones sobre historia natural
_cStephen Jay Gould ; traducción castellana de Antonio Resines ; revisión de Joandoménec Ros
250 _aPrimera edición
300 _a398 páginas
_bilustraciones en blanco y negro
_c19 cm
490 _aDrakontos bolsillo
500 _aIncluye índice
504 _aIncluye bibliografía
505 _aZoonomía (y excepciones) -- Teoría y percepción --La importancia de la taxonomía -- La tendencia y su significado -- La política y el progreso -- Darwiniana - La vida aquí y en otros lugares -- Extinción y continuidad
534 _bThe flamingo smile. Reflections in natural history
650 1 4 _2LEMB
_aHistoria natural
650 1 4 _2LEMB
_aTaxonomía zoológica
650 1 4 _2LEMB
_aCreación
650 1 4 _2LEMB
_aVida (Biología)
650 1 4 _2LEMB
_aEvolución (Biología)
700 1 _aResines, Antonio
_etraductora
_9100221
700 1 _aRos, Joandoménec
_erevisor
_9100222
942 _2ddc
_cBK
264 _aBarcelona
_bCrítica
_c2008
336 _atexto
_btxt
_2rdacontent
337 _asin mediación
_bn
_2rdamedia
338 _avolumen
_bnc
_2rdacarrier
040 _aCO-BoRNBP
_bspa
_erda
_cCO-BoRNBP
999 _c7052
_d7052